[Event "Titled Tuesday intern op 16th Feb"]
[Site "Chess.com INT"]
[Date "2021.02.16"]
[Round "3"]
[White "Urjubdshzirov, Erdni"]
[Black "Zubov, Alexander"]
[Result "0-1"]
[WhiteElo "2295"]
[BlackElo "2598"]
[PlyCount "64"]
[EventDate "2021.02.16"]
[EventType "swiss (blitz)"]
[EventRounds "11"]
[EventCountry "USA"]
[SourceTitle "EXT 2022"]
[Source "ChessBase"]
[SourceDate "2021.10.06"]
[SourceVersion "1"]
[SourceVersionDate "2021.10.06"]
[SourceQuality "1"]

1. d4 d5 2. c4 dxc4 3. Nf3 e6 4. e3 Nf6 5. Bxc4 c5 6. 0-0 Nc6 7. Nc3 a6 8. a4 Be7 9. dxc5 Qc7 10. h3 Bxc5 11. e4 0-0 12. Qe2 Nd4 13. Nxd4 Bxd4 14. Bd2 Bd7 15. Rac1 Rac8 16. Bb3 Qb6 17. Ba2 Qxb2 18. Rb1 Qa3 19. Rb3 Qc5 20. Rc1 Qe5 21. Qf3 Bc6 22. Bf4 Qa5 23. Qd3 Rfd8 24. Qe2 Bxa4 25. Nxa4 Rxc1+ 26. Bxc1 Qxa4 27. Rxb7 Nxe4 28. Be3 Nc3 29. Qd3 Bf6 30. Bd4 Qxd4 31. Qxd4 Bxd4 32. Bc4 a5 0-1

[Event "Titled Tuesday intern op 09th Feb"]
[Site "Chess.com INT"]
[Date "2021.02.09"]
[Round "5"]
[White "Krysa, Leandro Sergio"]
[Black "Urjubdshzirov, Erdni"]
[Result "1/2-1/2"]
[WhiteElo "2527"]
[BlackElo "2295"]
[PlyCount "129"]
[EventDate "2021.02.09"]
[EventType "swiss (blitz)"]
[EventRounds "11"]
[EventCountry "USA"]
[SourceTitle "EXT 2022"]
[Source "ChessBase"]
[SourceDate "2021.10.06"]
[SourceVersion "1"]
[SourceVersionDate "2021.10.06"]
[SourceQuality "1"]

1. e4 c5 2. Nf3 e6 3. d4 cxd4 4. Nxd4 Nc6 5. Nc3 Qc7 6. Be2 a6 7. 0-0 b5 8. Nxc6 Qxc6 9. Bf3 Bb7 10. Re1 Qc7 11. Nd5 Bxd5 12. exd5 Rc8 13. c3 Nf6 14. Qb3 Bd6 15. h3 0-0 16. a4 Rb8 17. dxe6 dxe6 18. axb5 axb5 19. Be3 Bc5 20. Ra6 Bxe3 21. Rxe3 Rfd8 22. Re1 h6 23. g3 Rd2 24. Rd1 Rxd1+ 25. Qxd1 b4 26. Rc6 Qa5 27. c4 Rd8 28. Qe2 Qa1+ 29. Kg2 Qc1 30. c5 b3 31. Rd6 Rxd6 32. cxd6 Qc2 33. h4 Kf8 34. Kf1 Qxe2+ 35. Kxe2 Ke8 36. Bc6+ Kd8 37. Kd2 Ng4 38. Ke2 Ne5 39. Ba4 Nc4 40. Bxb3 Nxd6 41. Kd3 Kd7 42. Bc4 f6 43. b4 e5 44. Bd5 Kc7 45. h5 Kb6 46. Bc4 Kc6 47. f3 Nf5 48. g4 Nd6 49. Kc3 Kb6 50. Bd3 Kc6 51. Be4+ Kb5 52. Kb3 Kb6 53. Bd3 Kc6 54. Kc3 Kb6 55. Kd2 Kc6 56. Ke3 Kd5 57. f4 exf4+ 58. Kxf4 Kd4 59. Bf1 Kd5 60. b5 Kc5 61. Be2 Kb6 62. Bd3 Kc5 63. Be2 Kb6 64. Bf1 Kc5 65. Be2 1/2-1/2